Catalog

Record Details

Catalog Search



Miles and Jones #1: The Anaconda Attack: (A ... Read More

Smith, Sam(Author).

Available copies

  • 0 of 2 copies available at LARL/NWRL Consortium.
  • 0 of 2 copies available at Lake Agassiz Regional Library. (Show preferred library)

Current holds

0 current holds with 2 total copies.

Show Only Available Copies
Location Call Number / Copy Notes Barcode Shelving Location Status Due Date
LARL Cataloging LARL159616 (Text) LARL159616 New On order -
LARL Cataloging LARL159616 (Text) LARL159617 New On order -

Record details

  • ISBN: 9798217119745
  • Publisher: Random House Graphic 2026

Content descriptions

Summary, etc.:
"Two young best friends, Amelia Miles and ... Read More
LDR 00658nam a22001695a 4500
001488368
003LARL_NWRL_CONSORTIUM
008260521s2026 |||| ||| ||||||||||||
010 . ‡a 2025036268
020 . ‡a9798217119745 ‡c$12.99
08200. ‡a741.5973
1001 . ‡aSmith, Sam
24510. ‡aMiles and Jones #1: The Anaconda Attack: (A Graphic Novel)
260 . ‡bRandom House Graphic ‡c2026
263 . ‡a06/16/2026 ‡b2026-06-16 ‡c2026-06
264 . ‡bRandom House Graphic ‡c2026
520 . ‡a"Two young best friends, Amelia Miles and Shackleton Jones, must confront an infestation of giant anacondas in their favorite local park"--Provided by publisher.
961 . ‡aZRO_L_CATALOGING ‡b2 ‡cNew ‡fpm ‡iBook ‡p12.99
962 . ‡aJGF 5-21-26
905 . ‡uvanderl
901 . ‡a488368 ‡bAUTOGEN ‡c488368 ‡tbiblio ‡sIngram On-Order

Additional Resources